000 00707cam a22002411 4500
001 7950828
005 20180221034334.0
008 740513t19591933nju b 000 0 eng
010 _a 59013251
035 _a(OCoLC)883882
040 _aDLC
_cPPD
_dOCoLC
_dDCHS
_dDLC
041 _aeng
043 _ae------
_aff-----
_aaw-----
080 _a330.937 FRA
082 _a330.937 FRA
100 1 _a19
101 _aPOL
245 1 3 _aAn economic survey of ancient Rome.
_cEdited by Tenney Frank in collaboration with T.R.S. Broughton [and others]
504 _aIncludes bibliographies.
504 _aIncludes bibliographies.
906 _a7
_bcbc
_coclcrpl
_du
_encip
_f19
_gy-gencatlg
942 _2ddc
_cBK
999 _c42987
_d42987